Queste / (Record no. 32448)

MARC details
000 -LEADER
fixed length control field 03142nam a2200493 a 4500
005 - DATE AND TIME OF LATEST TRANSACTION
control field 20091210142027.0
008 - FIXED-LENGTH DATA ELEMENTS--GENERAL INFORMATION
fixed length control field 080130s2008 nyuab c 000 1 eng
010 ## - LCCN (DPL NO)
LC control number B-386375-385
020 ## - INTERNATIONAL STANDARD BOOK NUMBER
International Standard Book Number 9780060882099
Terms of availability 263.00
035 ## - SYSTEM CONTROL NUMBER
System control number B-386375-385
037 ## - SOURCE OF ACQUISITION
Source of stock number/acquisition Blueberry Books
040 ## - CATALOGING SOURCE
Original cataloging agency dpl
Language of cataloging English
082 ## - DEWEY DECIMAL CLASSIFICATION NUMBER
Classification number S
100 ## - MAIN ENTRY--PERSONAL NAME
Personal name Sage, Angie
245 ## - TITLE STATEMENT
Title Queste /
Statement of responsibility, etc by Angie Sage ; illustrated by Mark Zug
260 ## - PUBLICATION, DISTRIBUTION, ETC. (IMPRINT)
Place of publication, distribution, etc New York
Name of publisher, distributor, etc Katherine Tegen Books
Date of publication, distribution, etc 2008
270 ## - ADDRESS
Address 53rd Street
City New York
Postal code 10022
300 ## - PHYSICAL DESCRIPTION
Extent 596, 8 p. :
Other physical details ill.
Dimensions 19cm(pbk)
490 ## - SERIES STATEMENT
Series statement Septimus Heap ;
Volume number/sequential designation book. 4
520 ## - SUMMARY, ETC.
Summary, etc Nicki and Snorri are trapped in Time, and Septimus Heap goes on a quest to find the House of Foryx, a place where all Time meets.
650 ## - SUBJECT ADDED ENTRY--TOPICAL TERM
Topical term or geographic name as entry element Apprentices
Form subdivision Juvenile fiction.
650 ## - SUBJECT ADDED ENTRY--TOPICAL TERM
Topical term or geographic name as entry element Magic
Form subdivision Juvenile fiction.
650 ## - SUBJECT ADDED ENTRY--TOPICAL TERM
Topical term or geographic name as entry element Wizards
Form subdivision Juvenile fiction.
650 ## - SUBJECT ADDED ENTRY--TOPICAL TERM
Topical term or geographic name as entry element Time travel
Form subdivision Juvenile fiction.
650 ## - SUBJECT ADDED ENTRY--TOPICAL TERM
Topical term or geographic name as entry element Apprentices
Form subdivision Fiction.
650 ## - SUBJECT ADDED ENTRY--TOPICAL TERM
Topical term or geographic name as entry element Magic
Form subdivision Fiction.
650 ## - SUBJECT ADDED ENTRY--TOPICAL TERM
Topical term or geographic name as entry element Wizards
Form subdivision Fiction.
650 ## - SUBJECT ADDED ENTRY--TOPICAL TERM
Topical term or geographic name as entry element Time travel
Form subdivision Fiction.
650 ## - SUBJECT ADDED ENTRY--TOPICAL TERM
Topical term or geographic name as entry element Fantasy.
700 ## - ADDED ENTRY--PERSONAL NAME
Personal name Zug, Mark,
942 ## - ADDED ENTRY ELEMENTS (KOHA)
Source of classification or shelving scheme Dewey Decimal Classification
Item type Children Books
Classification part S
Call number suffix SAG
Holdings
Withdrawn status Lost status Source of classification or shelving scheme Damaged status Not for loan Collection code Home library Current library Date acquired Source of acquisition Cost, normal purchase price Total Checkouts Full call number Barcode Date last seen Copy number Cost, replacement price Koha item type Total Renewals Public note
    Dewey Decimal Classification     Fiction Bagh Kadhe Khan Bagh Kadhe Khan 10/06/2010 Blueberry Books/5571/27.3.10/157/27.1.10/27.3.10 263.00   S SAG B-386382 10/06/2010 1 263.00 Children Books    
    Dewey Decimal Classification     Fiction Bawana Bawana 10/06/2010 Blueberry Books/5571/27.3.10/157/27.1.10/27.3.10 263.00   S SAG B-386384 10/06/2010 1 263.00 Children Books    
    Dewey Decimal Classification     Fiction Central Library Central Library 10/06/2010 Blueberry Books/5571/27.3.10/157/27.1.10/27.3.10 263.00   S SAG B-386375 10/06/2010 1 263.00 Children Books    
Withdrawn   Dewey Decimal Classification     Fiction Janak Puri Janak Puri 10/06/2010 Blueberry Books/5571/27.3.10/157/27.1.10/27.3.10 263.00 10 S SAG B-386377 13/11/2013 1 263.00 Children Books 4  
    Dewey Decimal Classification     Fiction Karol Bagh Karol Bagh 10/06/2010 Blueberry Books/5571/27.3.10/157/27.1.10/27.3.10 263.00   S SAG B-386381 10/06/2010 1 263.00 Children Books    
    Dewey Decimal Classification     Fiction Narela Narela 10/06/2010 Blueberry Books/5571/27.3.10/157/27.1.10/27.3.10 263.00   S SAG B-386383 10/06/2010 1 263.00 Children Books    
  Written-off vide DLB M. No. 383 dt 16.05.19 Dewey Decimal Classification     Fiction Patel Nagar Patel Nagar 10/06/2010 Blueberry Books/5571/27.3.10/157/27.1.10/27.3.10 263.00   S SAG B-386376 10/06/2010 1 263.00 Children Books    
    Dewey Decimal Classification     Fiction R.K.Puram-8 R.K.Puram-8 10/06/2010 Blueberry Books/5571/27.3.10/157/27.1.10/27.3.10 263.00 3 S SAG B-386379 17/01/2026 1 263.00 Children Books 1  
    Dewey Decimal Classification     Fiction Sarojini Nagar Sarojini Nagar 10/06/2010 Blueberry Books/5571/27.3.10/157/27.1.10/27.3.10 263.00 1 S SAG B-386378 02/07/2019 1 263.00 Children Books   Withdran List Prepared L.No.19/17
    Dewey Decimal Classification     Fiction Shahdara Branch Shahdara Branch 10/06/2010 Blueberry Books/5571/27.3.10/157/27.1.10/27.3.10 263.00 1 S SAG B-386385 15/10/2022 1 263.00 Children Books 1  
    Dewey Decimal Classification     Fiction Vinoba Puri Vinoba Puri 10/06/2010 Blueberry Books/5571/27.3.10/157/27.1.10/27.3.10 263.00 8 S SAG B-386380 08/12/2022 1 263.00 Children Books    

© Delhi Public Library
Hit Counter
free hit counter